Structure of atoms and molecules / (Record no. 9227)
[ view plain ]
| 000 -LEADER | |
|---|---|
| fixed length control field | 00443cam a2200181ua 4500 |
| 041 ## - LANGUAGE CODE | |
| Language code of text/sound track or separate title | eng |
| 082 ## - DEWEY DECIMAL CLASSIFICATION NUMBER | |
| Classification number | 539 |
| Item number | KON/ST |
| 100 ## - MAIN ENTRY--AUTHOR NAME | |
| Personal name | Kondratyev, V . |
| 245 ## - TITLE STATEMENT | |
| Title | Structure of atoms and molecules / |
| 250 ## - EDITION STATEMENT | |
| Edition statement | 1 / |
| 260 ## - PUBLICATION, DISTRIBUTION, ETC. (IMPRINT) | |
| Place of publication | Moscow : |
| Name of publisher | Foreign Language Publishing House. |
| 300 ## - PHYSICAL DESCRIPTION | |
| Number of Pages | 530 ; . |
| 942 ## - ADDED ENTRY ELEMENTS (KOHA) | |
| Koha item type | Books |
| Withdrawn status | Lost status | Damaged status | Home library | Current library | Date acquired | Full call number | Accession Number | Koha item type |
|---|---|---|---|---|---|---|---|---|
| Withdrawn | KAUAET | KAUAET | 07/04/2012 | 539 KON/ST | 3676 | Books |
